The individual and society (Record no. 5543)

MARC details
000 -LEADER
fixed length control field 00540 a2200157 4500
020 ## - INTERNATIONAL STANDARD BOOK NUMBER
International Standard Book Number 8131704173
Terms of availability 95.00
035 ## - SYSTEM CONTROL NUMBER
System control number B-211492
037 ## - SOURCE OF ACQUISITION
Source of stock number/acquisition RP-ZLS-2771 / UBH-07-08:6 / RP-07-08:ENG
082 14 - DEWEY DECIMAL CLASSIFICATION NUMBER
Classification number 880
090 ## - LOCALLY ASSIGNED LC-TYPE CALL NUMBER (OCLC); LOCAL CALL NUMBER (OCLC)
-- 5650
-- 5650
245 1# - TITLE STATEMENT
Title The individual and society
Remainder of title essays, stories and poems
Statement of responsibility, etc edited by Vinay Sood...(et al)
260 ## - PUBLICATION, DISTRIBUTION, ETC. (IMPRINT)
Place of publication, distribution, etc Delhi
Name of publisher, distributor, etc Dorling Kindersley
Date of publication, distribution, etc 2006
300 ## - PHYSICAL DESCRIPTION
Extent x, 251 p
Dimensions 22 cm (pbk)
942 ## - ADDED ENTRY ELEMENTS (KOHA)
Institution code [OBSOLETE] dpl
Koha item type English Books
Call number prefix 880 / THE
Holdings
Withdrawn status Lost status Source of classification or shelving scheme Damaged status Not for loan Collection code Home library Current library Cost, normal purchase price Total Checkouts Full call number Barcode Date last seen Copy number Uniform Resource Identifier Cost, replacement price Price effective from Koha item type
    Dewey Decimal Classification   Ordered Non-fiction Sarojini Nagar Sarojini Nagar 95.00   880 B-211492 15/09/2008 1 5935 95.00 15/09/2008 English Books

© Delhi Public Library
Hit Counter
free hit counter